Sincro destino : (Registro nro. 46098)
[ vista simple ]
| 000 -CABECERA | |
|---|---|
| campo de control de longitud fija | 00674nam a2200181 u 4500 |
| 001 - NÚMERO DE CONTROL | |
| campo de control | 000046609 |
| 005 - FECHA Y HORA DE LA ÚLTIMA TRANSACCIÓN | |
| campo de control | 20201002053010.0 |
| 008 - DATOS DE LONGITUD FIJA--INFORMACIÓN GENERAL | |
| campo de control de longitud fija | 170126s2010 sp r 000 0 spa d |
| 020 ## - NÚMERO INTERNACIONAL ESTÁNDAR DEL LIBRO | |
| Número Internacional Estándar del Libro | 9786071103963 |
| 082 ## - NÚMERO DE LA CLASIFICACIÓN DECIMAL DEWEY | |
| Número de clasificación | 291.4 |
| Número de documento/Ítem | C549s |
| 040 ## - FUENTE DE LA CATALOGACIÓN | |
| Centro catalogador/agencia de origen | DO-SdBNP |
| 100 1# - ENTRADA PRINCIPAL--NOMBRE DE PERSONA | |
| Nombre de persona | Chopra, Deepak, |
| Fechas asociadas al nombre | 1947- |
| 9 (RLIN) | 74608 |
| 245 10 - MENCIÓN DE TÍTULO | |
| Título | Sincro destino : |
| Resto del título | descifra el significado oculto de las coincidencias en tu vida y crea los milagros que has soñado / |
| Mención de responsabilidad, etc. | Deepak Chopra ; traducción Gerardo Hernández Clark. |
| 260 ## - PUBLICACIÓN, DISTRIBUCIÓN, ETC. | |
| Lugar de publicación, distribución, etc. | México : |
| Nombre del editor, distribuidor, etc. | Punto de lectura, |
| Fecha de publicación, distribución, etc. | 2010. |
| 300 ## - DESCRIPCIÓN FÍSICA | |
| Extensión | 225 p ; : |
| Otras características físicas | il. ; |
| Dimensiones | 21 cm. |
| 500 ## - NOTA GENERAL | |
| Nota general | Incluye datos biográficos del autor |
| 700 12 - PUNTO DE ACCESO ADICIONAL--NOMBRE DE PERSONA | |
| Nombre de persona | Hernández Clark, Gerardo |
| 9 (RLIN) | 74609 |
No hay ítems disponibles.
